000 00429nam a2200157 i 4500
001 28385
003 ES-MaACL
007 t|
008 030117s1920 ddr ||||1| fre d
100 1 _aBaedeker, Karl.
_924575
245 1 0 _aEspagne et Portugal
_b: manuel du voyageur /
_cpar Karl Baedeker.
250 _a3eme ed.
260 _aLeipzig :
_b[Grumil & Trume],
_c1920.
300 _a592 p. ;
_c17 cm.
852 _aES-MaACL
_jB-1468
999 _c28385
_d28385